| 000 | 00855nam a2200265Ia 4500 | ||
|---|---|---|---|
| 001 | Para_6740 | ||
| 003 | CHAP | ||
| 008 | 220125s1984 xx 000 0 und d | ||
| 010 | _a205548 | ||
| 040 | _cCHAP | ||
| 090 | _aPA FOLLETO 707 | ||
| 100 |
_aHernández Montemayor, Francisco _954360 |
||
| 245 |
_aLa investigación en la UACh : _b diagnóstico preliminar / _c por Francisco Hernánez Montemayor |
||
| 260 |
_aChapingo, Méx. : _b UACh. Unidad de Planeación Organización y Métodos |
||
| 300 | _a84 p. | ||
| 650 |
_aUniversidades _x Chapingo, Méx. _x investigación _9171194 |
||
| 710 | _aUACh. Unidad de Planeación, Organización y Métodos | ||
| 901 | _aPA FOLLETO 707 | ||
| 902 | _aA | ||
| 905 | _a0000001984 0000000000 00 | ||
| 910 | _a1984 | ||
| 942 | _cPARA | ||
| 942 |
_cPARA _d1 |
||
| 999 |
_c205548 _d205548 |
||